| 000 | 00489nam a2200193Ia 4500 | ||
|---|---|---|---|
| 005 | 20260624113449.0 | ||
| 008 | 131103s9999 xx 000 0 und d | ||
| 040 | _aLoreto College | ||
| 041 | _aEnglish | ||
| 082 |
_a232.9 _bDAN |
||
| 100 | _aRops, Daniel | ||
| 245 |
_aJesus and his times _cDaniel Rops |
||
| 260 |
_aNew York _bA Division of Doubleday _c1956 |
||
| 300 | _a311p. | ||
| 504 | _aIncludes index | ||
| 650 | _aChristianity - religion | ||
| 850 | _aLCLIB | ||
| 942 | _cBK | ||
| 999 |
_c23341 _d73820 |
||